| 000 | 00563nam a22001817a 4500 | ||
|---|---|---|---|
| 999 |
_c192039 _d192039 |
||
| 005 | 20220909122703.0 | ||
| 010 | _aENG-134991 | ||
| 020 |
_c750.00 _a978-93-80873-03-9 |
||
| 035 | _aEN-118523 | ||
| 037 | _bDBAD/PUB | ||
| 082 | _a305.420954 | ||
| 100 | _aArya, Sunita | ||
| 245 |
_aDalit and backward women/ _cSunita Arya |
||
| 260 |
_aDelhi _bEducational Publishers & Distributors _c2010 |
||
| 270 |
_a291, Bank Enclave, Laxmi Nagar _bDelhi _e110092 |
||
| 300 |
_a288pp. _c21cm(hbk) _bindex, Bibliography |
||
| 942 |
_2ddc _cEN _h305.420954 _mARY |
||